000 00741nam a2200229 i 4500
001 97866
003 ES-MaACL
005 20250702020108.0
007 t|
008 050719s1986 fr ||||1| fre d
020 _a2-13-039438-8
100 1 _aMarion, Jean-Luc.
_976880
245 1 0 _aSur le prisme métaphisique de Descartes
_b: constitution et limites de 1' onto-thè-logie dans le pensée cartèsienne /
_cJean-Luc Marion.
260 _aParis :
_bPresses Universitaires de France,
_c1986.
300 _aVI, 384 p. ;
_c22 cm.
490 1 _aEpiméthée
504 _aIndice.
600 1 4 _aDescartes, René,
_d1596-1650
_943838
830 0 _aEpiméthée
_9179541
852 _aES-MaACL
_jG-10842
_bR.113573
999 _c97866
_d97866